| 000 | 00000nam 2200000za 4500 |
| 001 | 9.700396 |
| 003 | CaOODSP |
| 005 | 20230818114646 |
| 007 | cr ||||||||||| |
| 008 | 150407|1985||||xxc|||||o f|0| 0 eng d |
| 040 | |aCaOODSP|beng |
| 043 | |an-cn--- |
| 086 | 1 |aA53-1088/1985E-PDF |
| 110 | 1 |aCanada.|bAgriculture Canada.|bResearch Branch. |
| 245 | 14|aThe plants of Prince Edward Island with new records, nomenclatural changes and corrections and deletions : |h[electronic resource]|bwith new records, nomenclatural changes, and corrections and deletions / |c[by] D.S. Erskine, P.M. Calling, R.B. MacLaren. |
| 260 | |aOttawa - Ontario : |bAgriculture Canada. |cc1985. |
| 300 | |a302p.|billus., references |
| 500 | |aHistorical publication digitized by Agriculture and Agri-Food Canada. |
| 590 | |a15-03-Supp|b2015-03-13 |
| 690 | 07|aPlant diseases|2gcpds |
| 720 | 1 |aErksine, David S. |
| 720 | 1 |aCalling, P. M. |
| 720 | 1 |aMacLaren, R. B. |
| 795 | |tPlants of Prince Edward Island / |w(CaOODSP)9.700395 |
| 856 | 40|ahttp://publications.gc.ca|qPDF|s22,181 KB|uhttps://publications.gc.ca/collections/collection_2015/aac-aafc/A53-1088-1985-eng.pdf |
| 986 | |aPublication 1798 |